| 000 | 00967 a2200241 4500 | ||
|---|---|---|---|
| 005 | 20250508092317.0 | ||
| 020 | _a0471814520 | ||
| 050 | 0 | 0 |
_aTK1001 _bWOO 1984 |
| 100 | 1 | _aWood, Allen J. | |
| 245 | 1 | 0 |
_aPower generation, operation, and control / _cAllen J. Wood, Bruce F. Wollenberg. |
| 264 |
_aNew York : _bWiley, _cc1984 |
||
| 300 |
_axiv, 444 p. : _bill. ; |
||
| 336 |
_2rdacontent _atext _btxt |
||
| 337 |
_2rdamedia _aunmediated _bn |
||
| 338 |
_2rdacarrier _avolume _bnc |
||
| 504 | _aIncludes bibliographical references and index. | ||
| 650 | 0 | _aElectric power systems. | |
| 700 | 1 | _aWollenberg, Bruce F. | |
| 856 | 4 | 2 |
_3Contributor biographical information _uhttp://www.loc.gov/catdir/enhancements/fy0607/83001172-b.html |
| 856 | 4 | 2 |
_3Publisher description _uhttp://www.loc.gov/catdir/enhancements/fy0607/83001172-d.html |
| 856 | 4 | 1 |
_3Table of contents only _uhttp://www.loc.gov/catdir/enhancements/fy0607/83001172-t.html |
| 942 |
_2lcc _cBK _h1001 _iWOO _kTK |
||
| 999 |
_c11518 _d11518 |
||